De la terre a la lune (Record no. 167249)

MARC details
000 -LEADER
campo de control de longitud fija 00987nam a2200241 i 4500
001 - NÚMERO DE CONTROL
campo de control 167249
003 - IDENTIFICADOR DE NÚMERO DE CONTROL
campo de control ES-MaACL
005 - FECHA Y HORA DE LA ÚLTIMA TRANSACCIÓN
campo de control 20250818063105.0
008 - DATOS DE LONGITUD FIJA--INFORMACIÓN GENERAL
campo de control de longitud fija 050922q18691871fr a | |||||||| ||fre d
040 ## - FUENTE DE CATALOGACIÓN
Centro catalogador/agencia de origen CAM
Lengua de catalogación spa
Centro/agencia transcriptor CAM
100 1# - ENTRADA PRINCIPAL--NOMBRE DE PERSONA
Nombre de persona Verne, Jules,
Fechas asociadas al nombre 1828-1905
9 (RLIN) 188654
245 10 - MENCIÓN DEL TÍTULO
Título De la terre a la lune
Resto del título : trajet direct en 97 heures, 20 minutes /
Mención de responsabilidad, etc. par Jules Verne ; 41 dessins et une carte par De Montaut.
260 ## - PUBLICACIÓN, DISTRIBUCIÓN, ETC.
Lugar de publicación, distribución, etc. Paris :
Nombre del editor, distribuidor, etc. J. Hetzel,
Fecha de publicación, distribución, etc. [s.a.] (
Fabricante Imprimé chez Jules Bonaventure)
300 ## - DESCRIPCIÓN FÍSICA
Extensión 169, [2] p. :
Otras características físicas il. ;
Dimensiones 27 cm.
490 1# - MENCIÓN DE SERIE
Mención de serie Les voyages extraordinaires
490 1# - MENCIÓN DE SERIE
Mención de serie Bibliothèque d'éducation et de récreation
596 ## - NOTA AL PIE DE IMPRENTA
NOTA AL PIE DE IMPRENTA Hetzel y Bonaventure parece que ejercen juntos ca. 1869-1871, según consta en CCPB.
700 1# - ENTRADA AGREGADA--NOMBRE PERSONAL
Nombre de persona De Montaut.
9 (RLIN) 126713
830 04 - PUNTO DE ACCESO ADICIONAL DE SERIE-TÍTULO UNIFORME
Título uniforme Les voyages extraordinaires
9 (RLIN) 188647
830 00 - PUNTO DE ACCESO ADICIONAL DE SERIE-TÍTULO UNIFORME
Título uniforme Bibliothèque d'éducation et de récréation
9 (RLIN) 188119
852 ## - LOCALIZACIÓN
Ubicación ES-MaACL
Número de control de estantería C-2761(2)
Nota libre -- Enc. hol.
Holdings
Estatus retirado Estado de pérdida Estado de daño No para préstamo Biblioteca de origen Biblioteca actual Ubicación en estantería Fecha de adquisición Fuente de adquisición Total de préstamos Signatura topográfica completa Código de barras Visto por última vez Precio de reemplazo Tipo de ítem Koha
        Biblioteca del Ateneo de Madrid Biblioteca del Ateneo de Madrid Depósito 2 17/01/2008     C-2761(2) 1175448 23/02/2023 23/02/2023 Libro impreso